[Event "Mind Sports Games - Blitz Pair"]
[Site "Pechino CINA"]
[Date "2008.10.08"]
[Round "7"]
[White "Markos, J."]
[Black "Nyback, T."]
[Result "1-0"]
[WhiteElo "2557"]
[BlackElo "2634"]
[PlyCount "96"]
[EventDate "2008.10.08"]
[Source "www.chesslib.no"]
[SourceDate "2004.05.04"]

1. d4 Nf6 2. c4 e6 3. Nc3 c5 4. Nf3 cxd4 5. Nxd4 a6 6. a3 Qc7 7. e4 b6 8. Bd3 Bb7 9. O-O d6 10. Be3 Nbd7 11. Rc1 Nc5 12. Bb1 Ncxe4 13. Nxe4 Nxe4 14. Re1 Nf6 15. Bf4 Rd8 16. Qa4+ Nd7 17. c5 bxc5 18. Nxe6 fxe6 19. Rxe6+ Kf7 20. Qb3 c4 21. Rxc4 Bd5 22. Rxc7 Bxb3 23. Re3 Be6 24. Bg5 Re8 25. f4 g6 26. g4 Bxg4 27. Ba2+ Kg7 28. Rxe8 d5 29. Rd8 Bc5+ 30. Rxc5 Rxd8 31. Rxd5 Re8 32. Rd2 h6 33. Bh4 Nc5 34. b4 Ne4 35. Rc2 g5 36. Rc7+ Kf8 37. fxg5 Nxg5 38. Bxg5 hxg5 39. Rf7+ Kg8 40. Rf4+ Be6 41. Re4 Kf7 42. Rxe6 Rxe6 43. Kf2 Kf6 44. Bxe6 Kxe6 45. Kg3 Kf5 46. a4 Ke5 47. Kg4 Kd4 48. b5 Kd5 1-0

[Event "Mind Sports Games - Blitz Ind"]
[Site "Pechino CINA"]
[Date "2008.10.04"]
[Round "7"]
[White "Aveskulov, V."]
[Black "Kryvoruchko, Y."]
[Result "1-0"]
[WhiteElo "2544"]
[BlackElo "2627"]
[PlyCount "61"]
[EventDate "2008.10.04"]
[Source "www.chesslib.no"]
[SourceDate "2004.05.04"]

1. e4 c5 2. Nf3 e6 3. d4 cxd4 4. Nxd4 a6 5. Be2 Qc7 6. O-O Nf6 7. Qd3 Nc6 8. Nc3 Nxd4 9. Qxd4 Bc5 10. Qd3 d6 11. Bf4 Nd7 12. Qg3 Kf8 13. Rad1 Ne5 14. Na4 f6 15. Nxc5 Qxc5 16. c3 Bd7 17. Be3 Qc7 18. Rd4 Bb5 19. c4 Be8 20. Rfd1 Nf7 21. c5 Qxc5 22. Rxd6 Qc7 23. Bb6 Qb8 24. Bc5 Kg8 25. Rxe6 Qxg3 26. hxg3 Bc6 27. Bc4 Bb5 28. Bb3 Rc8 29. Re7 Be8 30. Rdd7 Bxd7 31. Rxf7 1-0

[Event "URS-CupT"]
[Site "Ordzhonikidze"]
[Date "1978.??.??"]
[Round "?"]
[White "Bronstein, David I"]
[Black "Kochiev, Aleksandr V"]
[Result "1/2-1/2"]
[WhiteElo "2570"]
[BlackElo "2555"]
[PlyCount "64"]
[EventDate "1978.05.??"]
[Source "www.chesslib.no"]
[SourceDate "2004.05.04"]

1. e4 c5 2. Nf3 e6 3. d4 cxd4 4. Nxd4 a6 5. Nd2 Qc7 6. Bd3 Nf6 7. Qe2 d6 8. a4 Be7 9. a5 O-O 10. O-O e5 11. N4f3 Nc6 12. Nc4 Be6 13. Bd2 Rad8 14. Bc3 g6 15. Rfd1 Nb8 16. Ne3 Nbd7 17. Bb4 Nc5 18. Bxc5 Qxc5 19. Bc4 Bxc4 20. Nxc4 Nxe4 21. Qxe4 d5 22. Qxe5 dxc4 23. Qxc5 Bxc5 24. c3 Rfe8 25. Kf1 Ba7 26. Rxd8 Rxd8 27. Ra4 Rd5 28. Ke2 Rb5 29. Ra2 Rf5 30. Ra4 Rb5 31. Ra2 Rf5 32. Ra4 Rb5 1/2-1/2

[Event "2nd Agzamov Memorial"]
[Site "Tashkent UZB"]
[Date "2008.03.27"]
[Round "8"]
[White "Filippov, An UZB"]
[Black "Fedorov, Alex"]
[Result "1-0"]
[WhiteElo "2502"]
[BlackElo "2607"]
[PlyCount "99"]
[EventDate "2008.03.19"]
[Source "www.chesslib.no"]
[SourceDate "2004.05.04"]

1. e4 c5 2. Nf3 e6 3. d4 cxd4 4. Nxd4 a6 5. Be2 Nf6 6. Nc3 Bb4 7. Qd3 Qc7 8. O-O Nc6 9. Nxc6 bxc6 10. f4 d5 11. e5 Nd7 12. Bd2 Rb8 13. Kh1 O-O 14. Na4 f6 15. Bg4 f5 16. Be2 c5 17. c3 c4 18. Qc2 Be7 19. b4 g5 20. Rae1 Rf7 21. fxg5 Rg7 22. Bf3 Bb7 23. Qc1 Kh8 24. Bf4 Rbg8 25. h4 h6 26. Kg1 hxg5 27. hxg5 Bxg5 28. Bxg5 Rxg5 29. Kf2 R8g7 30. Rh1+ Kg8 31. Qf4 d4 32. cxd4 Bxf3 33. gxf3 Rg2+ 34. Ke3 Qc6 35. Nc3 Nb6 36. Rh2 R2g3 37. Kf2 Nd5 38. Nxd5 Qxd5 39. Re3 Qc6 40. Re2 Qa4 41. Qh6 Qc6 42. Qe3 Rg1 43. d5 exd5 44. e6 f4 45. Qd4 R1g6 46. e7 Re6 47. Rxe6 Qxe6 48. Qxd5 Rxe7 49. Qd8+ Kf7 50. Rh7+ 1-0

[Event "YUG-chT"]
[Site "?"]
[Date "1998.??.??"]
[Round "11"]
[White "Tosic Miroslav"]
[Black "Goldin Alexander"]
[Result "1/2-1/2"]
[WhiteElo "2505"]
[BlackElo "2590"]
[PlyCount "89"]
[EventDate "1998.??.??"]
[Source "www.chesslib.no"]
[SourceDate "2004.05.04"]

1. e4 c5 2. Nf3 e6 3. d4 cxd4 4. Nxd4 a6 5. Be2 b5 6. O-O Bb7 7. Bf3 Nc6 8. Re1 Nge7 9. Nc3 Nxd4 10. Qxd4 Nc6 11. Qe3 Ne5 12. Be2 Be7 13. Bf1 O-O 14. Qg3 d6 15. a3 Rc8 16. Be3 f5 17. exf5 Rxf5 18. Rad1 Qf8 19. f4 Ng6 20. Qg4 Bh4 21. g3 Bf6 22. Bc1 Bxc3 23. bxc3 Rxc3 24. Bd3 Qc8 25. Qe2 Rxd3 26. cxd3 Nf8 27. Bb2 Rc5 28. Qg4 g6 29. Bd4 Rc2 30. Bf2 h5 31. Qh3 Qc6 32. Re4 Rxf2 33. Kxf2 Qc2+ 34. Ke1 Bxe4 35. dxe4 Qxe4+ 36. Kf2 Qc2+ 37. Ke1 Qe4+ 38. Kf2 Qc2+ 39. Ke1 Qc3+ 40. Rd2 Qxa3 41. Qg2 Qe3+ 42. Kd1 Qb3+ 43. Kc1 d5 44. Qf2 Qa3+ 45. Kb1 1/2-1/2

[Event "Jugoslavija (ch) 84/128"]
[Site "?"]
[Date "2002.??.??"]
[Round "?"]
[White "Kovacevic, A."]
[Black "Damljanovic, B."]
[Result "1-0"]
[WhiteElo "2549"]
[BlackElo "2545"]
[PlyCount "76"]
[EventDate "2002.??.??"]
[Source "Chess Informant"]
[SourceDate "2002.02.01"]

1. e4 c5 2. Nf3 d6 3. d4 cxd4 4. Nxd4 e6 5. c4 Nf6 6. Nc3 Be7 7. Be2 a6 8. O-O O-O 9. Be3 b6 10. f4 Bb7 11. Bf3 Qc7 12. f5 e5 13. Nb3 Nbd7 14. Nd2 Rfc8 15. Qe2 Qd8 16. g3 b5 17. Rfc1 bxc4 18. Nxc4 a5 19. b3 Ba6 20. Rc2 Rab8 21. Na4 Rc6 22. Rac1 Rbc8 23. Qd1 Bxc4 24. Rxc4 Rxc4 25. Rxc4 Rxc4 26. bxc4 Qc7 27. Qb3 h5 28. Kf1 Ng4 29. Bg1 Bg5 30. Ke2 Ngf6 31. Qb5 Bc1 32. c5 dxc5 33. Nxc5 h4 34. gxh4 Qd6 35. Nd3 Qc7 36. Nc5 Qd6 37. Qd3 Qc6 38. Qc3 Bh6 1-0

[Event "ARM-ch"]
[Site "Yerevan"]
[Date "2000.09.02"]
[Round "4"]
[White "Asrian, Karen"]
[Black "Yegiazarian, Arsen"]
[Result "1/2-1/2"]
[WhiteElo "2566"]
[BlackElo "2527"]
[PlyCount "159"]
[EventDate "2000.08.30"]
[Source "ChessBase"]
[SourceDate "2000.11.21"]

1. e4 c5 2. Nf3 e6 3. d4 cxd4 4. Nxd4 a6 5. Be2 Nf6 6. Nc3 Bb4 7. e5 Nd5 8. Bd2 Nxc3 9. bxc3 Be7 10. O-O d6 11. Bf4 dxe5 12. Bxe5 O-O 13. Bd3 Nd7 14. Nxe6 fxe6 15. Qh5 Rf5 16. Bxf5 exf5 17. Rad1 Qf8 18. Bd4 Qf7 19. Qe2 Nf8 20. Rfe1 Be6 21. Rd3 f4 22. Qe5 Rd8 23. a4 h6 24. Bc5 Rxd3 25. cxd3 Bxc5 26. Qxc5 f3 27. g3 Qd7 28. Qd4 Qxd4 29. cxd4 Kf7 30. a5 Nd7 31. Rb1 Bd5 32. Kf1 Ke6 33. Ke1 Nf6 34. h3 Bc6 35. Kd2 Kd6 36. g4 Nd5 37. h4 Nf6 38. Rg1 g5 39. hxg5 hxg5 40. Ke3 Kc7 41. d5 Bxd5 42. Kd4 Kd6 43. Rg3 Bc6 44. Rg1 Bd7 45. Ke3 Bxg4 46. Kd4 Be6 47. Rxg5 Ng4 48. Rg7 Bd7 49. Rg5 Ke7 50. Rg6 Kf7 51. Rb6 Bc6 52. Rb2 Ke6 53. Rc2 Kd6 54. Rb2 Ne5 55. Rb6 Nd7 56. Rb1 Nc5 57. Ke3 Ne6 58. d4 Bd5 59. Rh1 Kc6 60. Rh5 Nc7 61. Kf4 Kd6 62. Rh6+ Ne6+ 63. Kf5 Bb3 64. Ke4 Bd5+ 65. Kf5 Bb3 66. Ke4 Bc2+ 67. Kxf3 Kd5 68. Ke3 Nxd4 69. Rb6 Nb3 70. Rxb7 Nxa5 71. Rd7+ Kc6 72. Rd8 Kc7 73. Rd5 Nb3 74. Rd4 Bf5 75. Rb4 Nc5 76. Kd4 Nd7 77. Kc3 Be6 78. Re4 Kd6 79. Ra4 Nb8 80. Rb4 1/2-1/2

[Event "34. TCh-GRE"]
[Site "?"]
[Date "2005.07.09"]
[Round "7"]
[White "Bojkov Dejan"]
[Black "Chuchelov Vladimir"]
[Result "1-0"]
[WhiteElo "2522"]
[BlackElo "2562"]
[PlyCount "85"]
[EventDate "2005.??.??"]
[Source "www.chesslib.no"]
[SourceDate "2004.05.04"]

1. e4 c5 2. Nf3 e6 3. d4 cxd4 4. Nxd4 a6 5. Be2 Nf6 6. Nc3 Bb4 7. Qd3 d6 8. O-O Nbd7 9. Nb3 O-O 10. Rd1 b6 11. Qd4 Bxc3 12. bxc3 Bb7 13. f3 Qc8 14. Ba3 Re8 15. Bxd6 e5 16. Qe3 Re6 17. Rd2 Qc6 18. Rad1 Rc8 19. c4 a5 20. a4 Ba6 21. c5 Bxe2 22. Qxe2 Qxa4 23. cxb6 Qc6 24. Qf2 a4 25. Nc5 Nxc5 26. Qxc5 Qb7 27. Bc7 Ree8 28. c4 h6 29. Qb5 a3 30. Ra2 Ra8 31. Rd3 Re6 32. Rdxa3 Rxa3 33. Rxa3 Ne8 34. Ra7 Nxc7 35. Rxb7 Nxb5 36. Rb8+ Kh7 37. b7 Nd6 38. Rh8+ Kxh8 39. b8=Q+ Ne8 40. c5 Kh7 41. c6 g6 42. c7 Nxc7 43. Qxc7 1-0

[Event "Pablo Gorbea mem 6th"]
[Site "Madrid"]
[Date "2002.09.20"]
[Round "5"]
[White "Moreno Carnero, Javier"]
[Black "Korneev, Oleg"]
[Result "1-0"]
[WhiteElo "2494"]
[BlackElo "2583"]
[PlyCount "97"]
[EventDate "2002.09.16"]
[Source "ChessBase"]
[SourceDate "2002.11.06"]

1. e4 c5 2. Nf3 e6 3. d4 cxd4 4. Nxd4 a6 5. Be2 Qc7 6. O-O Nf6 7. Nc3 Bc5 8. Nb3 Ba7 9. Kh1 Nc6 10. f4 d6 11. Qe1 O-O 12. Qg3 d5 13. Bd3 dxe4 14. Nxe4 Nxe4 15. Bxe4 Bd7 16. Bd2 Ne7 17. Ba5 Bb6 18. Bxb6 Qxb6 19. Bxh7+ Kxh7 20. Qh4+ Kg8 21. Qxe7 Bc6 22. Qc5 Qc7 23. Qe5 Qb6 24. Qc5 Qxc5 25. Nxc5 Rac8 26. Nb3 Ba4 27. c3 Bxb3 28. axb3 Rfd8 29. Rfd1 f5 30. Kg1 Kf7 31. Kf2 Kf6 32. h4 g6 33. Kf3 Ke7 34. c4 Rh8 35. g3 Rhd8 36. Ke2 Kf6 37. Rxd8 Rxd8 38. Rd1 Rxd1 39. Kxd1 e5 40. fxe5+ Kxe5 41. Kd2 Kf6 42. Ke3 g5 43. hxg5+ Kxg5 44. Kd4 Kh5 45. Ke5 Kg5 46. b4 Kg4 47. c5 Kg5 48. Ke6 Kg4 49. Kf6 1-0

[Event "Thaelmann Memorial"]
[Site "Berlin East"]
[Date "1988.??.??"]
[Round "2"]
[White "Zaichik, Gennadi L"]
[Black "Boensch, Uwe"]
[Result "1-0"]
[WhiteElo "2495"]
[BlackElo "2575"]
[PlyCount "124"]
[EventDate "1988.04.05"]
[Source "www.chesslib.no"]
[SourceDate "2004.05.04"]

1. e4 c5 2. Nf3 d6 3. d4 cxd4 4. Nxd4 e6 5. c4 Nf6 6. Nc3 a6 7. Be2 Be7 8. O-O O-O 9. Be3 Bd7 10. Rc1 Nc6 11. Nb3 b6 12. a3 Rb8 13. Nd2 Re8 14. b4 Bf8 15. Nb3 Bc8 16. f4 Bb7 17. Bf3 Ba8 18. Rf2 Qe7 19. Rd2 Red8 20. Qe2 h6 21. Rcd1 Ne8 22. Qf2 b5 23. cxb5 axb5 24. Qf1 Qb7 25. Be2 Nc7 26. Nd4 Nxd4 27. Bxd4 Re8 28. Kh1 Qc6 29. e5 d5 30. Rc2 Qd7 31. Rdc1 Rb7 32. Bd3 Reb8 33. Nb1 Ne8 34. Nd2 Rc7 35. Nb3 Rc4 36. Qf2 Bc6 37. Na5 Rxc2 38. Qxc2 Ba8 39. Nb3 Be7 40. f5 Bg5 41. fxe6 Qxe6 42. Rf1 Qe7 43. Qf2 Rb7 44. Qf5 g6 45. Qc8 Qd8 46. Rc1 Rc7 47. Qxd8 Bxd8 48. Bxb5 Rxc1+ 49. Nxc1 Nc7 50. Bd7 Be7 51. Nd3 Ne6 52. Bxe6 fxe6 53. a4 Kf7 54. b5 Bd8 55. Kg1 Ba5 56. Kf2 Bb7 57. Ke3 Bc8 58. Nc5 Ke8 59. Kd3 Bb4 60. Na6 Ba3 61. Bc5 Bc1 62. Bd6 Bg5 1-0

[Event "New York op"]
[Site "New York"]
[Date "1987.??.??"]
[Round "?"]
[White "Campora, Daniel Hugo"]
[Black "Cvitan, Ognjen"]
[Result "1/2-1/2"]
[WhiteElo "2550"]
[BlackElo "2500"]
[PlyCount "99"]
[EventDate "1987.04.??"]
[Source "ChessBase"]

1. e4 c5 2. Nf3 e6 3. d4 cxd4 4. Nxd4 a6 5. g3 d5 6. Nc3 dxe4 7. Nxe4 e5 8. Nb3 Qxd1+ 9. Kxd1 Nc6 10. Be3 Bf5 11. Bd3 Nb4 12. Nd6+ Bxd6 13. Bxf5 Ne7 14. Be4 O-O-O 15. c3 Nbd5 16. Bd2 f5 17. Bg2 e4 18. Kc2 Nc6 19. Rhe1 Rhe8 20. Re2 g6 21. Bg5 Be7 22. Bxe7 Rxe7 23. a3 Nb6 24. Rd1 Rxd1 25. Kxd1 Nc4 26. Kc2 N4e5 27. Nd2 Nd3 28. Bh3 Rc7 29. Kb1 Nxf2 30. Rxf2 e3 31. Re2 exd2 32. Rxd2 Re7 33. Kc2 Ne5 34. Re2 Kd8 35. Bg2 b6 36. Bf1 a5 37. Rd2+ Kc7 38. Be2 h5 39. b4 axb4 40. axb4 Rh7 41. h4 Re7 42. Kb3 Nc6 43. Bb5 Re3 44. Rd3 Re4 45. Rf3 Ne5 46. Rf2 Rg4 47. Re2 Kd6 48. Rd2+ Kc7 49. Re2 Kd6 50. Rd2+ 1/2-1/2

[Event "Villa de Benasque 19th op"]
[Site "Benasque"]
[Date "1999.??.??"]
[Round "6"]
[White "Campora, Daniel H"]
[Black "Komljenovic, Davor"]
[Result "0-1"]
[WhiteElo "2551"]
[BlackElo "2499"]
[PlyCount "43"]
[EventDate "1999.??.??"]
[Source "www.chesslib.no"]
[SourceDate "2004.05.04"]

1. e4 c5 2. Nf3 e6 3. d4 cxd4 4. Nxd4 a6 5. g3 d5 6. Nf3 Nf6 7. exd5 exd5 8. Bg2 Bc5 9. O-O O-O 10. Nbd2 Nc6 11. Nb3 Bb6 12. c3 Bf5 13. Nfd4 Be4 14. Re1 Bxg2 15. Kxg2 Ne4 16. Be3 Ne5 17. f3 Nd6 18. Bf2 Re8 19. Qc2 Qf6 20. Re2 Qg6 21. Rd1 Nec4 22. Nc1 0-1

[Event "Hannover"]
[Site "Hannover"]
[Date "1991.??.??"]
[Round "6"]
[White "Lobron, Eric"]
[Black "Bischoff, Klaus"]
[Result "1-0"]
[WhiteElo "2545"]
[BlackElo "2495"]
[PlyCount "109"]
[EventDate "1991.03.??"]
[Source "ChessBase"]

1. d4 e6 2. Nf3 c5 3. c4 cxd4 4. Nxd4 a6 5. Nc3 Qc7 6. e4 Nf6 7. Nc2 b6 8. Qe2 d6 9. g4 Bb7 10. g5 Nfd7 11. h4 g6 12. b3 Bg7 13. Bb2 O-O 14. O-O-O Nc5 15. f3 Nbd7 16. Ne3 d5 17. exd5 Qf4 18. Qd2 Ne5 19. Be2 a5 20. Ng4 Qxd2+ 21. Rxd2 Nxg4 22. fxg4 a4 23. Nxa4 Nxa4 24. Bxg7 Kxg7 25. bxa4 Rxa4 26. Rh3 exd5 27. cxd5 Rd8 28. d6 Bc8 29. Rg3 Be6 30. a3 Re4 31. Kb2 b5 32. Bd1 b4 33. a4 b3 34. Bxb3 Bxb3 35. Kxb3 Rb8+ 36. Ka3 Ra8 37. Kb3 Rb8+ 38. Kc2 Rxa4 39. h5 Rd8 40. h6+ Kf8 41. Rd5 Re4 42. Kd2 Ra4 43. Ke2 Ra2+ 44. Kf1 Rb8 45. Re3 Rd8 46. Re4 Rb2 47. Re2 Rb4 48. Kf2 Ra4 49. Kf3 Rb4 50. Re4 Rb1 51. Rd3 Ra1 52. Kf4 Ra5 53. Rc4 Rb5 54. Rc7 Rb4+ 55. Kg3 1-0

[Event "Chigorin Memorial"]
[Site "St. Petersburg"]
[Date "2004.10.19"]
[Round "4.7"]
[White "Ivanov, Sergey"]
[Black "Dobrov, Vladimir"]
[Result "1-0"]
[WhiteElo "2553"]
[BlackElo "2487"]
[PlyCount "119"]
[EventDate "2004.10.15"]
[Source "Roberto Alvarez"]
[SourceDate "2004.11.08"]

1. Nf3 Nf6 2. c4 a6 3. Nc3 c5 4. e4 d6 5. d4 cxd4 6. Nxd4 e6 7. Be2 Be7 8. O-O Qc7 9. f4 Nbd7 10. Be3 b6 11. Rc1 Bb7 12. Bf3 Rc8 13. f5 e5 14. Nd5 Qd8 15. Ne2 g6 16. fxg6 hxg6 17. Nxe7 Qxe7 18. Bg5 Qe6 19. Ng3 Rxc4 20. Rxc4 Qxc4 21. Qxd6 Qc5+ 22. Qxc5 bxc5 23. Rc1 Nh7 24. Be3 Ke7 25. Bxc5+ Nxc5 26. Rxc5 Kd6 27. Rc3 Ng5 28. Rd3+ Kc7 29. h3 Bc6 30. Kf2 f5 31. Rc3 f4 32. Nf1 Nxf3 33. Kxf3 Rd8 34. g3 Rd1 35. Ke2 Rd4 36. Nd2 Kd7 37. gxf4 exf4 38. h4 Bb5+ 39. Ke1 Ke6 40. b3 Kd6 41. Rc8 Ke7 42. a4 Bd3 43. Rc5 Kd6 44. Ra5 Bxe4 45. Nxe4+ Rxe4+ 46. Kf2 Rb4 47. Kf3 Rxb3+ 48. Kxf4 Rb6 49. Kg5 Ke7 50. Rc5 Rd6 51. Rc7+ Kf8 52. Ra7 Rc6 53. a5 Rc5+ 54. Kxg6 Rxa5 55. h5 Ra1 56. Ra8+ Ke7 57. h6 Rg1+ 58. Kf5 Rf1+ 59. Ke5 Re1+ 60. Kd4 1-0

[Event "Ruy Lopez (2eme memorial)"]
[Site "?"]
[Date "2004.05.09"]
[Round "9"]
[White "Lazarev Vladimir"]
[Black "Perez Manuel"]
[Result "1/2-1/2"]
[WhiteElo "2536"]
[BlackElo "2499"]
[PlyCount "29"]
[EventDate "2004.??.??"]
[Source "www.chesslib.no"]
[SourceDate "2004.05.04"]

1. Nf3 Nf6 2. c4 c5 3. Nc3 d6 4. d4 cxd4 5. Nxd4 e6 6. e4 a6 7. Be2 Be7 8. O-O O-O 9. Be3 Qc7 10. Rc1 Nbd7 11. f3 b6 12. Qd2 Bb7 13. Rfd1 Rac8 14. Bf1 Qb8 15. Kh1 1/2-1/2

[Event "CRO-chT"]
[Site "Porec"]
[Date "1998.09.13"]
[Round "7"]
[White "Rogulj, Branko"]
[Black "Kurajica, Bojan"]
[Result "1/2-1/2"]
[WhiteElo "2450"]
[BlackElo "2570"]
[PlyCount "62"]
[EventDate "1998.09.??"]
[Source "www.chesslib.no"]
[SourceDate "2004.05.04"]

1. e4 c5 2. Nf3 a6 3. c4 e6 4. Nc3 Qc7 5. d4 cxd4 6. Nxd4 Nf6 7. Be3 Bb4 8. Bd3 Bxc3+ 9. bxc3 d6 10. Qa4+ Nbd7 11. Nb5 Qb8 12. Nd4 O-O 13. f3 Nc5 14. Qc2 Nxd3+ 15. Qxd3 Qc7 16. Nb3 b5 17. cxb5 axb5 18. O-O d5 19. Nc5 dxe4 20. Nxe4 Nxe4 21. Qxe4 Ra4 22. Bd4 f6 23. f4 Qc4 24. a3 Bd7 25. Qe3 Bc6 26. Rfe1 Bd5 27. Bc5 Re8 28. Rad1 Raa8 29. Qd4 Qb3 30. Rd2 Rac8 31. Kf2 Qc4 1/2-1/2

[Event "Corr"]
[Site "?"]
[Date "2000.??.??"]
[Round "?"]
[White "Barlow John A"]
[Black "Brooks Ian S"]
[Result "1/2-1/2"]
[WhiteElo "2519"]
[BlackElo "2497"]
[PlyCount "45"]
[EventDate "2000.??.??"]
[Source "www.chesslib.no"]
[SourceDate "2004.05.04"]

1. e4 c5 2. Nf3 e6 3. d4 cxd4 4. Nxd4 a6 5. Be2 Nf6 6. Nc3 Bb4 7. e5 Nd5 8. Bd2 Nxc3 9. bxc3 Be7 10. O-O Qc7 11. f4 d6 12. exd6 Bxd6 13. Bd3 Nd7 14. Qg4 g6 15. Rae1 O-O 16. Qh4 Qd8 17. Qh6 Qf6 18. Rf3 Qg7 19. Qh4 Qf6 20. Qh6 Qg7 21. Qh3 Qh8 22. Qh4 Qf6 23. Qh6 1/2-1/2

[Event "zt3.3, HeiBei CHN"]
[Site "?"]
[Date "2001.??.??"]
[Round "9"]
[White "Liang Jinrong"]
[Black "Wang Rui"]
[Result "1-0"]
[WhiteElo "2490"]
[BlackElo "2525"]
[PlyCount "79"]
[EventDate "2001.??.??"]
[Source "www.chesslib.no"]
[SourceDate "2004.05.04"]

1. e4 c5 2. Nf3 e6 3. c4 d6 4. d4 cxd4 5. Nxd4 Nf6 6. Nc3 a6 7. Be2 Be7 8. O-O Qc7 9. Be3 O-O 10. Rc1 b6 11. b4 Bb7 12. f3 Nbd7 13. Nb3 Rac8 14. Kh1 Qb8 15. Qd4 Bd8 16. Bg1 Re8 17. Rfd1 d5 18. exd5 exd5 19. c5 bxc5 20. bxc5 Nh5 21. Bd3 Re5 22. f4 Re7 23. Nxd5 Bxd5 24. Qxd5 Nxf4 25. Qd6 Nxd3 26. Rxd3 Ne5 27. Qxb8 Rxb8 28. Rd6 a5 29. c6 Bc7 30. Rd5 h5 31. Nd4 Nd3 32. Rd1 Nf4 33. Rd7 Kf8 34. a4 Rc8 35. Nf5 Rxd7 36. cxd7 Rb8 37. Bc5+ Kg8 38. Ne7+ Kh7 39. Nc6 Rb2 40. Bd6 1-0

[Event "Nice op 9th"]
[Site "Nice"]
[Date "2002.08.06"]
[Round "2"]
[White "Mrdja, Milan"]
[Black "Epishin, Vladimir"]
[Result "0-1"]
[WhiteElo "2370"]
[BlackElo "2643"]
[PlyCount "90"]
[EventDate "2002.08.05"]
[Source "ChessBase"]
[SourceDate "2002.09.11"]

1. e4 c5 2. Nf3 e6 3. d4 cxd4 4. Nxd4 a6 5. Nd2 d6 6. Bd3 Nf6 7. O-O Be7 8. f4 O-O 9. Kh1 Nbd7 10. c3 e5 11. fxe5 dxe5 12. Nf5 Nc5 13. Bc2 Bxf5 14. Rxf5 Ncxe4 15. Nxe4 Qxd1+ 16. Bxd1 Nxe4 17. Bf3 Nf2+ 18. Kg1 Nd3 19. Bxb7 Ra7 20. Be4 Nxc1 21. Rxc1 f6 22. Rf3 g6 23. g4 Kg7 24. Rd1 Rc7 25. h3 h5 26. Kg2 Kh6 27. gxh5 Kxh5 28. Rg3 Kh4 29. Rxg6 f5 30. Bf3 Bg5 31. Rd5 Bf4 32. Kf1 Rb8 33. Rf6 Rxb2 34. Rxf5 Rxc3 35. Be2 Kg3 36. Bh5 e4 37. Rd8 Rf2+ 38. Ke1 Bd2+ 39. Rxd2 Rxf5 40. Bg4 Rc1+ 41. Ke2 Rf2+ 42. Ke3 Rc3+ 43. Kd4 Rxd2+ 44. Kxc3 Rxa2 45. Kd4 Kf4 0-1

[Event "Pardubice"]
[Site "?"]
[Date "2006.07.29"]
[Round "9"]
[White "Heberla Bartolomiej"]
[Black "Bernasek Jan"]
[Result "1-0"]
[WhiteElo "2551"]
[BlackElo "2459"]
[PlyCount "61"]
[EventDate "2006.??.??"]
[Source "www.chesslib.no"]
[SourceDate "2004.05.04"]

1. e4 c5 2. Nf3 e6 3. d4 cxd4 4. Nxd4 a6 5. Be2 Nf6 6. Nc3 Bb4 7. Qd3 d6 8. Bd2 Nbd7 9. Nb3 Ne5 10. Qe3 b5 11. a3 Nc4 12. Bxc4 bxc4 13. axb4 cxb3 14. cxb3 O-O 15. Qg3 Ne8 16. O-O Bb7 17. Be3 f6 18. Rfd1 Rf7 19. f3 Qe7 20. b5 axb5 21. Rxa8 Bxa8 22. Nxb5 d5 23. Qb8 Bc6 24. Nd4 Bb7 25. e5 fxe5 26. Bg5 Qd7 27. Qxe5 Bc8 28. Rc1 h6 29. Bh4 Nd6 30. Bg3 Ne8 31. Qb8 1-0

[Event "West Berlin"]
[Site "?"]
[Date "1988.??.??"]
[Round "?"]
[White "Razuvaev, Y."]
[Black "Foisor, O."]
[Result "1-0"]
[WhiteElo "2535"]
[BlackElo "2475"]
[PlyCount "73"]
[EventDate "1988.??.??"]
[Source "ChessBase"]
[SourceDate "1988.07.01"]

1. d4 Nf6 2. Nf3 e6 3. c4 c5 4. Nc3 cxd4 5. Nxd4 a6 6. e4 Bb4 7. Bd3 Nc6 8. Nc2 Bxc3+ 9. bxc3 d5 10. exd5 exd5 11. Ba3 Be6 12. Qe2 Qc7 13. O-O O-O-O 14. c5 Ng4 15. f4 Rhe8 16. Rab1 Bd7 17. Qf3 Nf6 18. Ne3 Qa5 19. Bb4 Qxa2 20. Rf2 Qa4 21. Rfb2 Re7 22. Nc2 Rde8 23. h3 h5 24. Qf1 Nxb4 25. Rxb4 Qa5 26. Rxb7 Bc6 27. R7b6 Qxc5+ 28. Nd4 Rc7 29. Bf5+ Kd8 30. Qxa6 Bd7 31. Kh2 Ke7 32. Bxd7 Nxd7 33. R6b5 Qxc3 34. Rxd5 Kf8 35. Qd6+ Re7 36. Nf5 Qf6 37. Qxc7 1-0

[Event "Balkaniad"]
[Site "Kavala"]
[Date "1990.??.??"]
[Round "1"]
[White "Kotronias, Vasilios"]
[Black "Gheorghiu, Florin"]
[Result "1/2-1/2"]
[WhiteElo "2510"]
[BlackElo "2500"]
[PlyCount "45"]
[EventDate "1990.10.??"]
[Source "ChessBase"]

1. e4 c5 2. Nf3 e6 3. d4 cxd4 4. Nxd4 a6 5. Be2 Nf6 6. Nc3 Bb4 7. e5 Nd5 8. Bd2 Nxc3 9. bxc3 Be7 10. Bd3 d6 11. f4 Qc7 12. Qh5 g6 13. Qh6 Bf8 14. exd6 Qxd6 15. Qh4 Bg7 16. O-O Nc6 17. Nxc6 Qxc6 18. Rf3 Qc5+ 19. Kh1 Bd7 20. f5 exf5 21. Re1+ Be6 22. Bc4 O-O 23. Rxe6 1/2-1/2

[Event "Kavala 86/145"]
[Site "?"]
[Date "2002.??.??"]
[Round "?"]
[White "Kotronias, V."]
[Black "Dragiev, V."]
[Result "1-0"]
[WhiteElo "2578"]
[BlackElo "2422"]
[PlyCount "71"]
[EventDate "2002.??.??"]
[Source "Chess Informant"]
[SourceDate "2002.10.01"]

1. e4 c5 2. Nf3 a6 3. c4 d6 4. d4 cxd4 5. Nxd4 Nf6 6. Nc3 e6 7. Be2 Be7 8. O-O O-O 9. f4 Qc7 10. Be3 b6 11. Rc1 Nbd7 12. Bf3 Bb7 13. g4 Nc5 14. Qc2 Rfc8 15. g5 Ne8 16. f5 Qd8 17. Qg2 e5 18. Nde2 Nd3 19. Rc2 Rxc4 20. Rd2 Nc5 21. b3 Rb4 22. Nd5 Bxd5 23. Rxd5 Nc7 24. Rdd1 d5 25. f6 Bd6 26. fxg7 Nxe4 27. Bh5 Bc5 28. Bxc5 bxc5 29. a3 Rbb8 30. Bxf7+ Kxg7 31. Bxd5 Nxd5 32. Qxe4 Qxg5+ 33. Kh1 Nf6 34. Qf3 e4 35. Qc3 Kg6 36. Rd6 1-0

[Event "Tch (Men) 2005/2006 FRA"]
[Site "?"]
[Date "2006.03.30"]
[Round "4"]
[White "Kazhgaleyev Murtas"]
[Black "Marzolo Cyril"]
[Result "1-0"]
[WhiteElo "2607"]
[BlackElo "2393"]
[PlyCount "33"]
[EventDate "2006.??.??"]
[Source "www.chesslib.no"]
[SourceDate "2004.05.04"]

1. d4 Nf6 2. c4 c5 3. Nf3 e6 4. Nc3 cxd4 5. Nxd4 a6 6. e4 Bb4 7. Bd3 Nc6 8. Nde2 d5 9. exd5 exd5 10. cxd5 Nxd5 11. O-O Nxc3 12. bxc3 Be7 13. Qc2 g6 14. Rd1 Bd7 15. Rb1 b5 16. Be4 Rc8 17. Bh6 1-0

[Event "otb"]
[Site "otb"]
[Date "2007.03.09"]
[Round "6"]
[White "Epishin Vladimir"]
[Black "Barlov Dragan"]
[Result "1-0"]
[WhiteElo "2554"]
[BlackElo "2439"]
[PlyCount "52"]
[Source "www.chesslib.no"]
[SourceDate "2004.05.04"]

1. d4 Nf6 2. c4 e6 3. Nf3 a6 4. Nc3 c5 5. e4 cxd4 6. Nxd4 Qc7 7. Be3 b6 8. Be2 Bb7 9. f3 d6 10. O-O Nbd7 11. a4 Be7 12. Nb3 Rb8 13. a5 bxa5 14. Nxa5 Ba8 15. Qd2 O-O 16. Rfc1 Qd8 17. Rc2 Re8 18. Rcc1 Bf8 19. Ba7 Rc8 20. Bd4 Rb8 21. Bf1 h6 22. Na2 Rc8 23. b4 Qc7 24. Qe1 e5 25. Be3 Be7 26. Rcb1 Nf8 1-0

[Event "Brno-B"]
[Site "Brno"]
[Date "1993.??.??"]
[Round "6"]
[White "Sherzer, Alex"]
[Black "Bezold, Michael"]
[Result "0-1"]
[WhiteElo "2500"]
[BlackElo "2490"]
[PlyCount "90"]
[EventDate "1993.08.??"]
[Source "ChessBase"]

1. e4 c5 2. Nf3 e6 3. d4 cxd4 4. Nxd4 a6 5. g3 d5 6. Nf3 Nf6 7. exd5 exd5 8. Bg2 Bc5 9. O-O O-O 10. Nbd2 Nc6 11. Nb3 Ba7 12. Nbd4 Bg4 13. Be3 Ne5 14. c3 Re8 15. Nc2 Bb6 16. Rb1 Ne4 17. Bf4 Qf6 18. Bxe5 Rxe5 19. Qd3 Bxf3 20. Bxf3 Rae8 21. Nd4 Bxd4 22. cxd4 Rf5 23. Bxe4 Rxe4 24. Rfe1 Rxf2 25. Rxe4 dxe4 26. Qxe4 g6 27. Qe3 Qf5 28. Rd1 Rxb2 29. Qe8+ Kg7 30. Qe5+ Qxe5 31. dxe5 Rxa2 32. Rd7 Re2 33. Rxb7 Rxe5 34. Ra7 a5 35. Kf2 h5 36. Kf3 Rf5+ 37. Ke4 Kf6 38. h3 Rb5 39. Kf4 Rb4+ 40. Kf3 Rb3+ 41. Kf4 g5+ 42. Ke4 Rxg3 43. Ra6+ Kg7 44. Rxa5 Kg6 45. h4 Rg4+ 0-1